Les Equipes qui ont déjà joué l'Euro - Statistiques

Statistiques générales
  • Ce quiz a été pris 194 fois
  • Le résultat moyen est 32 sur 37
Statistiques - réponses
Meilleur Parcours Pays Dernière Participation % Correct
Gagnant France 2021
99%
Finale Angleterre 2021
98%
Gagnant Espagne 2021
98%
Gagnant Italie 2021
98%
Gagnant Portugal 2021
98%
Gagnant Allemagne 2021
95%
1/4 Finale Irlande 2016
95%
1/2 Finale Russie 2016
95%
1/4 Finale Suisse 2021
95%
Gagnant Grèce 2012
93%
Finale Belgique 2021
92%
Gagnant Danemark 2021
92%
Gagnant Pays-Bas 2021
92%
1/4 Finale Pologne 2021
92%
1/2 Finale Suède 2021
92%
1/8 Finale Norvège 2000
90%
1/4 Finale Ukraine 2021
90%
1/4 Finale Croatie 2021
89%
Poules Finlande 2021
88%
1/4 Finale Roumanie 2016
88%
1/4 Finale Autriche 2021
87%
1/2 Finale Hongrie 2021
87%
Finale République Tchèque 2021
87%
1/8 Finale Slovaquie 2021
86%
1/4 Finale Islande 2016
85%
1/8 Finale Slovénie 2000
85%
1/4 Finale Écosse 2021
84%
1/2 Finale Pays de Galles 2021
84%
1/8 Finale Bulgarie 2004
80%
1/2 Finale Turquie 2021
80%
Poules Albanie 2016
77%
1/8 Finale Irlande du Nord 2016
72%
1/8 Finale Lettonie 2004
72%
Poules Macédoine du Nord 2021
71%
Gagnant URSS 1992
68%
Finale Yougoslavie 2000
68%
Gagnant Tchécoslovaquie 1980
57%
Aucun quiz correspondant
Distribution des résultats
% des personnes avec chaque résultat
Percentile par nombre de réponses
Votre historique - résultats
Vous n’avez pas pris ce quiz